000 00855 a2200229 4500
001 59589
005 20260407155849.0
008 260407a1978 arg spa d
003 AR-UNSa-BCEJYS
040 _aAR-UNSa-BCEJYS
_bspa
_cAR-UNSa-BCEJYS
080 _a330.34
_xDesarrollo Económico
245 1 0 _aProgramas de desarrollo económico
_pintroducción a su estudio
250 _a4a. ed.
264 1 _aBuenos Aires :
_bEUDEBA (Editorial Universitaria de Buenos Aires)
_c1978
300 _a45 p.
_c24 cm.
505 _a1. Modelo simple de economía cerrada - 2. Modelo simple de economía simple - 33. Sustitución de importaciones - 4. Modelo de crecimiento con proyecciones generales y sectoriales -
041 _aspa
942 _cBK
590 _aniveau_biblio:m niveau_hierar:0
100 1 _aCuello, Raúl E.
700 1 _aTandeciarz, Carlos
999 _c6743
_d6743